Clinical epidemiology : (Record no. 372)

000 -LEADER
fixed length control field 01382nam a22003617a 4500
001 - CONTROL NUMBER
control field 17330054
003 - CONTROL NUMBER IDENTIFIER
control field OSt
005 - DATE AND TIME OF LATEST TRANSACTION
control field 20210419094637.0
008 - FIXED-LENGTH DATA ELEMENTS--GENERAL INFORMATION
fixed length control field 120531s2014 paua b 001 0 eng
010 ## - LIBRARY OF CONGRESS CONTROL NUMBER
LC control number 2012022346
020 ## - INTERNATIONAL STANDARD BOOK NUMBER
International Standard Book Number 9781451144475 (alk. paper)
035 ## - SYSTEM CONTROL NUMBER
System control number (DNLM)101585375
040 ## - CATALOGING SOURCE
Original cataloging agency DNLM/DLC
Transcribing agency DLC
Modifying agency DLC
042 ## - AUTHENTICATION CODE
Authentication code pcc
050 00 - LIBRARY OF CONGRESS CALL NUMBER
Classification number RA652.2.C55
Item number F57 2014
060 10 - NATIONAL LIBRARY OF MEDICINE CALL NUMBER
Classification number WA 950
080 ## - UNIVERSAL DECIMAL CLASSIFICATION NUMBER
Universal Decimal Classification number 616-036.2
Item number F-66
082 00 - DEWEY DECIMAL CLASSIFICATION NUMBER
Classification number 614.4
Edition number 23
100 1# - MAIN ENTRY--PERSONAL NAME
Personal name Fletcher, Robert H.
245 10 - TITLE STATEMENT
Title Clinical epidemiology :
Remainder of title the essentials /
Statement of responsibility, etc. Robert H. Fletcher, Suzanne W. Fletcher, Grant S. Fletcher.
250 ## - EDITION STATEMENT
Edition statement 5th ed.
260 ## - PUBLICATION, DISTRIBUTION, ETC.
Place of publication, distribution, etc. Philadelphia :
Name of publisher, distributor, etc. Wolters Kluwer/Lippincott Williams & Wilkins Health,
Date of publication, distribution, etc. 2014.
300 ## - PHYSICAL DESCRIPTION
Extent 253 p. :
Other physical details col. ill. ;
Dimensions 26 cm.
365 ## - TRADE PRICE
Price amount 23.95 usd
504 ## - BIBLIOGRAPHY, ETC. NOTE
Bibliography, etc. note Includes bibliographical references (p. 249-250) and index.
505 0# - FORMATTED CONTENTS NOTE
Formatted contents note Frequency -- Abnormality -- Risk : basic principles -- Risk : exposure to disease -- Risk : disease to exposure -- Prognosis -- Diagnosis -- Treatment -- Prevention -- Chance -- Cause -- Summarizing the evidence -- Knowledge management.
650 12 - SUBJECT ADDED ENTRY--TOPICAL TERM
Topical term or geographic name entry element Epidemiologic Methods.
General subdivision Epidemiology
653 ## - INDEX TERM--UNCONTROLLED
Uncontrolled term ეპიდემიოლოგია
700 1# - ADDED ENTRY--PERSONAL NAME
Personal name Fletcher, Suzanne W.
700 1# - ADDED ENTRY--PERSONAL NAME
Personal name Fletcher, Grant S.
906 ## - LOCAL DATA ELEMENT F, LDF (RLIN)
a 7
b cbc
c orignew
d 1
e ecip
f 20
g y-gencatlg
942 ## - ADDED ENTRY ELEMENTS (KOHA)
Source of classification or shelving scheme
Koha item type Books
Holdings
Withdrawn status Lost status Source of classification or shelving scheme Damaged status Not for loan Permanent location Current location Date acquired Inventory number Total Checkouts Full call number Barcode Date last seen Price effective from Koha item type
          Ken Walker International University Ken Walker International University 11/21/2020 1158   616-036.2 F-66 1158 11/21/2020 11/21/2020 Books
          Ken Walker International University Ken Walker International University 11/21/2020 2053   616-036.2 F-66 2053 11/21/2020 11/21/2020 Books

Powered by Koha